| 000 | 01127 a2200337 4500 | ||
|---|---|---|---|
| 001 | 200421860 | ||
| 999 |
_c200421860 _d38841 |
||
| 003 | TR-AnTOB | ||
| 005 | 20240907073856.0 | ||
| 008 | 161221s tu 000 0b | ||
| 020 | _a9789754426397 | ||
| 040 |
_aTR-AnTOB _beng _erda |
||
| 041 | 0 | _atur | |
| 050 | 0 | 0 |
_aPL248.N44 _bZ776 2015 |
| 090 | _aPL248.N44 Z776 2015 | ||
| 100 | 1 |
_aAkkuş, Metin _eauthor. _9105782 |
|
| 245 | 1 | 0 |
_aNefi : _bErzurum'un yüzleri / _cMetin Akkuş ; editör H. Ahmet Kırkkılıç. |
| 264 |
_aErzurum : _bAtatürk Üniversitesi Yayınları, _c2015. |
||
| 300 |
_a56 pages ; _c21 cm. |
||
| 336 |
_atext _2rdacontent |
||
| 337 |
_aunmediated _2rdamedia |
||
| 338 |
_avolume _2rdacarrier |
||
| 490 | 0 |
_aAtatürk Üniversitesi Yayınları ; _v1051 |
|
| 600 |
_aNef'î, _d1572-1635 _9105783 |
||
| 650 | 0 | 0 |
_aTurkish poetry _y17th century _9105784 |
| 650 |
_aTürk şiiri _y17. yüzyıl _9105785 |
||
| 651 | 0 |
_aErzurum İli (Turkey) _vBiography _9105711 |
|
| 651 |
_aErzurum İli (Türkiye) _vBiyografi _9105743 |
||
| 700 | 1 |
_aKırkkılıç, H. Ahmet _eeditor. _9105772 |
|
| 942 | _cBK | ||